| 000 | 00976nam a22002537a 4500 | ||
|---|---|---|---|
| 999 |
_c18223 _d18223 |
||
| 003 | AR-CdUCM | ||
| 008 | 190307b ||||| |||| 00| 0 spa d | ||
| 040 |
_aMUNICIPALIDAD PROVINCIAL DEL CUSCO _cBIBLIOTECA MUNICIPAL DEL CUSCO |
||
| 082 |
_a338.7 / _bSA17 |
||
| 100 |
_aSampay, Arturo Enrique _938686 |
||
| 245 | _aEmpresas Multinacionales / | ||
| 260 |
_aBuenos Aires : _bCuenca ediciones, _c1973. |
||
| 300 |
_a262 páginas ; _c20 cm. |
||
| 505 | _aUn nuevo campo de administración -- Forma y dimensiones -- Documentos -- Descubrimientos históricos -- Sistemas de conducción y activación -- Una nueva actitud en las finanzas internacionales... | ||
| 650 |
_aEmpresas. _95583 |
||
| 650 |
_aMultinacionales. _912421 |
||
| 650 |
_aMarketing. _912422 |
||
| 650 |
_aOrganización operacional. _912423 |
||
| 700 |
_aVilas, Carlos M _938687 |
||
| 700 |
_aCohen, Carlos _938688 |
||
| 700 |
_aMasnatta, Héctor _938689 |
||
| 942 |
_2ddc _cLIBROS |
||
| 945 |
_apjha _d2019-05-13 |
||